[Event "Gibtelecom Masters"]
[Site "Gibraltar"]
[Date "2007.01.23"]
[Round "1.75"]
[White "Kuenitz, Klaus"]
[Black "Millward, Richard"]
[Result "0-1"]
[WhiteElo "1733"]
[BlackElo "2140"]
[PlyCount "38"]
[EventDate "2007.??.??"]

1. e4 c5 2. Nf3 e6 3. g3 Nc6 4. Bg2 Qc7 5. O-O Nge7 6. d3 Ng6 7. Nc3 a6 8. Ng5
f6 9. Nh3 d6 10. f4 Nd4 11. Ne2 e5 12. Nxd4 cxd4 13. Qh5 Qf7 14. fxe5 dxe5 15.
Ng5 Qg8 16. Nf3 Be6 17. c3 Bf7 18. cxd4 Nf4 19. Qh4 g5 0-1

[Event "Gibtelecom Masters"]
[Site "Gibraltar"]
[Date "2007.01.23"]
[Round "1.77"]
[White "Barclay, Richard"]
[Black "Kvisia, Johannes"]
[Result "0-1"]
[WhiteElo "1300"]
[BlackElo "2134"]
[PlyCount "100"]
[EventDate "2007.??.??"]

1. e4 c5 2. Nf3 Nc6 3. d4 cxd4 4. Nxd4 Nf6 5. Nc3 e6 6. Be3 Bb4 7. Bd3 d5 8.
Nxc6 bxc6 9. exd5 cxd5 10. Bd4 O-O 11. O-O Bd6 12. f4 a6 13. Qe2 Rb8 14. a3 Qe7
15. Rae1 Bc5 16. Qe3 Bxd4 17. Qxd4 Qc7 18. b3 Qa5 19. Ra1 Bb7 20. Ne2 Ne4 21.
f5 Qd2 22. fxe6 fxe6 23. Bxe4 Qxe2 24. Bd3 Qh5 25. Rae1 Rbe8 26. Qe5 Rxf1+ 27.
Bxf1 Qxe5 28. Rxe5 Kf7 29. Re2 e5 30. Kf2 d4 31. Rd2 Kf6 32. g3 Rd8 33. Ke1 Ke7
34. c3 a5 35. cxd4 exd4 36. Bd3 h6 37. Re2+ Kd6 38. Kd2 Bd5 39. Bc4 a4 40. Bxd5
Kxd5 41. b4 Kc4 42. Re7 Kb3 43. Rxg7 Kxa3 44. b5 Kb2 45. Ra7 a3 46. Ra4 a2 47.
b6 a1=Q 48. Rxa1 Kxa1 49. Kd3 Rb8 50. Kxd4 Rxb6 0-1

[Event "Gibtelecom Masters"]
[Site "Gibraltar"]
[Date "2007.01.23"]
[Round "1.78"]
[White "Edwards, Ray"]
[Black "Galliano, Alex"]
[Result "1-0"]
[WhiteElo "2131"]
[BlackElo "1300"]
[PlyCount "49"]
[EventDate "2007.??.??"]

1. d4 Nf6 2. c4 g6 3. Nc3 Bg7 4. e4 d6 5. Nf3 O-O 6. Be2 e5 7. Be3 Nc6 8. d5
Ne7 9. Nd2 c6 10. O-O c5 11. a3 Ne8 12. f4 f5 13. fxe5 Bxe5 14. Bh6 Bg7 15.
Bxg7 Kxg7 16. Nf3 fxe4 17. Nxe4 Nf5 18. Qd2 Nc7 19. g4 Nh6 20. Qc3+ Kg8 21. h3
Ne8 22. Nfg5 Nf7 23. Nxf7 Rxf7 24. Rxf7 Kxf7 25. Qh8 1-0

[Event "Gibtelecom Masters"]
[Site "Gibraltar"]
[Date "2007.01.23"]
[Round "1.79"]
[White "Garcia Lechugo, Francisco"]
[Black "Ocana Roca, Juan"]
[Result "0-1"]
[WhiteElo "1300"]
[BlackElo "2130"]
[PlyCount "79"]
[EventDate "2007.??.??"]

1. Nf3 Nf6 2. g3 Nc6 3. d4 d5 4. Bg2 h6 5. b3 e6 6. Ba3 Bd6 7. c4 Bb4+ 8. Bxb4
Nxb4 9. a3 Nc6 10. Ne5 O-O 11. Nxc6 bxc6 12. O-O a5 13. Nc3 Qd6 14. e4 dxe4 15.
Nxe4 Nxe4 16. Bxe4 f5 17. Bg2 Bb7 18. c5 Qd7 19. Qd2 Rfd8 20. Rad1 e5 21. Qe2
Ba6 22. Qxe5 Bxf1 23. Bxf1 Re8 24. Bc4+ Kh8 25. Qf4 Re4 26. Qd2 Rd8 27. d5 cxd5
28. Qxa5 c6 29. Qd2 Qe7 30. Bd3 Re5 31. Qa5 Re8 32. Kf1 g6 33. Qc3 Qg7 34. Qa5
R5e7 35. Qb6 Re6 36. a4 Qe5 37. a5 Rb8 38. a6 Rxb6 39. cxb6 Qd4 40. Bc2 {
remaining moves unintelligible} 0-1

[Event "Gibtelecom Masters"]
[Site "Gibraltar"]
[Date "2007.01.23"]
[Round "1.80"]
[White "Nyland, Thomas"]
[Black "Horton, Colin"]
[Result "0-1"]
[WhiteElo "2124"]
[BlackElo "1300"]
[PlyCount "124"]
[EventDate "2007.??.??"]

1. d4 Nf6 2. c4 c5 3. e3 cxd4 4. exd4 d5 5. Nc3 Nc6 6. Nf3 Bg4 7. cxd5 Nxd5 8.
Qb3 Nxc3 9. Qxb7 Bxf3 10. gxf3 Nxd4 11. bxc3 Nc2+ 12. Ke2 Rb8 13. Qc6+ Qd7 14.
Qxd7+ Kxd7 15. Bh3+ e6 16. Bf4 Rb7 17. Rab1 Rb6 18. Rxb6 axb6 19. Rd1+ Kc8 20.
Bf1 Bc5 21. Kd2 Na3 22. Ba6+ Kd7 23. Kc1+ Ke7 24. Be3 Ra8 25. Bxc5+ bxc5 26.
Be2 Rb8 27. Bd3 c4 28. Be4 f5 29. Bc2 Nb5 30. Re1 Kf6 31. Re3 Ra8 32. Kb2 Rb8
33. f4 h6 34. Ba4 Nc7+ 35. Ka1 Nd5 36. Rf3 g5 37. fxg5+ hxg5 38. Bc6 Ne7 39.
Ba4 e5 40. Bc2 g4 41. Rg3 Rh8 42. Rg2 Rh3 43. Kb2 Nd5 44. a4 Kg5 45. a5 Rh6 46.
Rg1 Ra6 47. Ra1 e4 48. Ra4 e3 49. fxe3 Nxe3 50. Ra1 Kh4 51. Bb1 Kh3 52. Kc1
Kxh2 53. Kd2 f4 54. Be4 Kg3 55. Bb7 Ra7 56. a6 Kf2 57. Re1 Nf1+ 58. Kd1 f3 59.
Re8 g3 60. Rf8 Nh2 61. Rh8 g2 62. Rxh2 Kg3 0-1

[Event "Gibtelecom Masters"]
[Site "Gibraltar"]
[Date "2007.01.23"]
[Round "1.81"]
[White "Millward, Kevin"]
[Black "Vinas Guerrero, Carlos"]
[Result "0-1"]
[WhiteElo "1300"]
[BlackElo "2124"]
[PlyCount "80"]
[EventDate "2007.??.??"]

1. e4 c5 2. Nc3 e6 3. g3 Nc6 4. Bg2 Nf6 5. d3 Be7 6. f4 d5 7. exd5 exd5 8. Nf3
O-O 9. O-O Rb8 10. Ne5 Nd4 11. Be3 Nf5 12. Bf2 d4 13. Ne4 Nd5 14. Re1 Nfe3 15.
Bxe3 Nxe3 16. Qd2 Nxg2 17. Qxg2 Be6 18. g4 f6 19. Nf3 Bd5 20. Nh4 g6 21. f5 g5
22. Nf3 Rf7 23. h4 gxh4 24. Kf2 Qc7 25. Nxh4 Rd8 26. Qf3 c4 27. Ng2 Bb4 28. Re2
cxd3 29. cxd3 Bxe4 30. Rxe4 Bd2 31. Qe2 Bg5 32. Rh1 Rdd7 33. Qf3 Rfe7 34. Rhe1
Rxe4 35. Qxe4 Kg7 36. Qe6 Rf7 37. Qe4 Qh2 38. Rf1 Rc7 39. Ke2 Rc2+ 40. Kd1 Rd2+
0-1

[Event "Gibtelecom Masters"]
[Site "Gibraltar"]
[Date "2007.01.23"]
[Round "1.82"]
[White "Savory, Richard"]
[Black "Perez Tellez, Jesus"]
[Result "1-0"]
[WhiteElo "2119"]
[BlackElo "1300"]
[PlyCount "91"]
[EventDate "2007.??.??"]

1. e4 e5 2. Nf3 Nc6 3. d4 exd4 4. Nxd4 Bc5 5. Be3 Qf6 6. c3 Nxd4 7. cxd4 Bb4+
8. Nc3 Bxc3+ 9. bxc3 d6 10. Qd2 h6 11. Bd3 Ne7 12. O-O Qg6 13. Kh1 O-O 14. f4
f5 15. e5 d5 16. Rab1 b6 17. Rg1 Kh8 18. g4 Qf7 19. g5 h5 20. g6 Nxg6 21. Rg5
Ne7 22. Qg2 g6 23. Be2 Rg8 24. Rg1 Bd7 25. Qh3 Rg7 26. Bf2 Rh7 27. Bh4 Rh6 28.
R5g3 Ng8 29. Bg5 Rh7 30. Qh4 Be8 31. Bd8 Qd7 32. Bg5 Qf7 33. Bd3 c6 34. Bd8 Qd7
35. Bg5 Qf7 36. Bd8 Qd7 37. Bf6+ Nxf6 38. Qxf6+ Qg7 39. Bxf5 Qxf6 40. exf6 Rh6
41. Be6 Rh7 42. f5 Bf7 43. fxg6 Bxe6 44. gxh7 Kxh7 45. Rg7+ Kh8 46. R1g6 1-0

[Event "Gibtelecom Masters"]
[Site "Gibraltar"]
[Date "2007.01.23"]
[Round "1.83"]
[White "Pollo Mancilla, Ricardo"]
[Black "Agdestein, Emil"]
[Result "0-1"]
[WhiteElo "1300"]
[BlackElo "2116"]
[PlyCount "80"]
[EventDate "2007.??.??"]

1. e4 c5 2. c3 Nf6 3. e5 Nd5 4. d4 e6 5. Nf3 cxd4 6. cxd4 Nc6 7. a3 d6 8. Be2
Qc7 9. Qc2 Nxe5 10. Qxc7 Nxf3+ 11. Bxf3 Nxc7 12. O-O Be7 13. Nc3 O-O 14. b4 Rb8
15. Bb2 Bd7 16. d5 e5 17. Be2 f5 18. f4 e4 19. h3 Rbc8 20. g4 Bf6 21. Rad1 g6
22. g5 Bxc3 23. Bxc3 Bb5 24. Bxb5 Nxb5 25. Bb2 Nc3 26. Bxc3 Rxc3 27. Rc1 Rfc8
28. Rxc3 Rxc3 29. Kg2 h5 30. h4 Kf7 31. a4 Ke7 32. Re1 Kd7 33. Kf2 Rf3+ 34. Ke2
Rxf4 35. b5 Rxh4 36. a5 f4 37. Rc1 Rh2+ 38. Kd1 Rh1+ 39. Kc2 Rxc1+ 40. Kxc1 e3
0-1

[Event "Gibtelecom Masters"]
[Site "Gibraltar"]
[Date "2007.01.23"]
[Round "1.84"]
[White "Thurlow, Kevin"]
[Black "Johnsen, Kjell Magne"]
[Result "0-1"]
[WhiteElo "2119"]
[BlackElo "1890"]
[PlyCount "58"]
[EventDate "2007.??.??"]

1. e4 g6 2. d4 d6 3. Nc3 Bg7 4. Nf3 Nd7 5. Be3 a6 6. a4 b6 7. Bc4 e6 8. Bg5 Ne7
9. e5 h6 10. Bh4 d5 11. Bd3 Bb7 12. Ne2 c5 13. c3 Qc7 14. O-O Nc6 15. Nf4 g5
16. Nh5 Bxe5 17. dxe5 gxh4 18. Nxh4 Ncxe5 19. Re1 Nxd3 20. Qxd3 O-O-O 21. b4 c4
22. Qe3 Rdg8 23. f4 Rg4 24. Qh3 Rhg8 25. Ra2 d4 26. cxd4 Qc6 27. Ree2 Qd5 28.
Ng3 Qxd4+ 29. Rf2 Rxf4 0-1

[Event "Gibtelecom Masters"]
[Site "Gibraltar"]
[Date "2007.01.24"]
[Round "2"]
[White "Tissir, Mohamed"]
[Black "Sokolov, Ivan"]
[Result "0-1"]
[WhiteElo "2482"]
[BlackElo "2632"]
[PlyCount "96"]
[EventDate "2007.??.??"]

1. e4 e5 2. Nf3 Nc6 3. Bb5 a6 4. Ba4 Nf6 5. d3 b5 6. Bb3 Bc5 7. Nc3 d6 8. Nd5
h6 9. c3 Rb8 10. O-O O-O 11. h3 Ba7 12. Be3 Nxd5 13. Bxd5 Bxe3 14. fxe3 Ne7 15.
Bb3 Ng6 16. Qe1 Kh7 17. Qg3 f5 18. exf5 Bxf5 19. Bc2 Qe7 20. Rf2 Rf7 21. Raf1
Rbf8 22. a3 Rf6 23. h4 Qe6 24. h5 Ne7 25. Nh2 Kh8 26. e4 Bh7 27. Ng4 Rxf2 28.
Rxf2 Rxf2 29. Nxf2 Ng8 30. b3 Nf6 31. Qf3 Bg8 32. g4 Qd7 33. d4 Be6 34. Bd1 Qe7
35. d5 Bd7 36. Be2 Nh7 37. Qe3 Qd8 38. Qa7 Qc8 39. Kg2 Nf6 40. Kg3 c6 41. c4
bxc4 42. bxc4 cxd5 43. exd5 e4 44. Qe3 Qe8 45. Qf4 e3 46. Nd1 Bxg4 47. Bxg4 e2
48. Bxe2 Qxe2 0-1

[Event "Gibtelecom Masters"]
[Site "Gibraltar"]
[Date "2007.01.24"]
[Round "2"]
[White "Vijayalakshmi, Subbarama"]
[Black "Tregubov, Pavel"]
[Result "1/2-1/2"]
[WhiteElo "2459"]
[BlackElo "2613"]
[PlyCount "216"]
[EventDate "2007.??.??"]

1. d4 Nf6 2. c4 c5 3. d5 b5 4. cxb5 a6 5. Nc3 axb5 6. Nxb5 d6 7. g3 g6 8. Bg2
Bg7 9. Nc3 Nbd7 10. Nf3 Nb6 11. O-O O-O 12. e4 Ba6 13. Re1 Nfd7 14. Qc2 Nc4 15.
Bf4 Qa5 16. Rec1 Rfb8 17. Rab1 Qb4 18. Bf1 Nxb2 19. Bxa6 Rxa6 20. e5 dxe5 21.
Bd2 Qa3 22. Kg2 Rab6 23. Ne4 Qxa2 24. Nxc5 Qxd5 25. Nxd7 Qxd7 26. Qc7 Qe6 27.
Bc3 R6b7 28. Qa5 e4 29. Nd4 Bxd4 30. Bxd4 e3 31. Qe5 Qxe5 32. Bxe5 e2 33. Bxb8
Nd1 34. Be5 f6 35. Bc3 Rxb1 36. Rxb1 Nxc3 37. Re1 Kf7 38. Kf3 Ke6 39. Ke3 Kf5
40. Kd3 Nb5 41. Rxe2 e5 42. Rb2 Nd4 43. f4 h5 44. fxe5 Kxe5 45. Rb4 Nf3 46.
Rb5+ Ke6 47. h4 Ne5+ 48. Ke4 Nc4 49. Kf4 Nd6 50. Ra5 Nf5 51. Ra7 Ne7 52. Rb7
Nd5+ 53. Ke4 Ne7 54. Rb8 Nf5 55. Kf4 Ne7 56. Rb6+ Kf7 57. Ke4 Nf5 58. Kd5 Ne3+
59. Ke4 Nf5 60. Kf4 Ne7 61. Ra6 Nd5+ 62. Ke4 Ne7 63. Ra7 Ke6 64. Kf3 Nf5 65.
Rh7 Ke5 66. Rh8 Ke6 67. Re8+ Kf7 68. Re1 Nd4+ 69. Kf4 Nf5 70. Ra1 Ne7 71. Ra5
Ke6 72. Ra7 Nd5+ 73. Ke4 Ne7 74. Ra6+ Kf7 75. Ra3 Ke6 76. Ra6+ Kf7 77. Kf4 Nd5+
78. Kf3 Ne7 79. g4 hxg4+ 80. Kxg4 Nd5 81. Kf3 Ne7 82. Ra3 Ke6 83. Kg4 Kf7 84.
Ra6 Nd5 85. Kf3 Ne7 86. Kf4 Nd5+ 87. Ke4 Ne7 88. Ra4 Ke6 89. Ra7 Nf5 90. Rh7
Ng3+ 91. Kf3 Nf5 92. Kf4 Nxh4 93. Kg4 Nf5 94. Ra7 Ne3+ 95. Kf3 Nd5 96. Kg4 Ne3+
97. Kf3 Nc4 98. Ke4 g5 99. Ra6+ Kf7 100. Ra8 Nd6+ 101. Kd5 Nf5 102. Ke4 Nh4
103. Ra7+ Kg6 104. Ra6 Nf5 105. Kf3 Nh6 106. Ke4 Ng4 107. Rb6 Ne5 108. Ra6 Ng4
1/2-1/2

[Event "Gibtelecom Masters"]
[Site "Gibraltar"]
[Date "2007.01.24"]
[Round "2"]
[White "Ehlvest, Jaan"]
[Black "Abergel, Thal"]
[Result "1/2-1/2"]
[WhiteElo "2610"]
[BlackElo "2475"]
[PlyCount "47"]
[EventDate "2007.??.??"]

1. Nf3 d5 2. d4 Nf6 3. c4 c6 4. Nc3 a6 5. e3 e6 6. b3 c5 7. cxd5 exd5 8. Bb2
Nc6 9. Be2 cxd4 10. Nxd4 Bd6 11. O-O O-O 12. Rc1 Ne5 13. Qd2 Re8 14. Rfd1 b5
15. Nf3 Bb7 16. Nxe5 Bxe5 17. Bf3 Qb8 18. Nxd5 Bxd5 19. Bxd5 Nxd5 20. Bxe5 Rxe5
21. f4 Nxe3 22. fxe5 Nxd1 23. Rxd1 Qxe5 24. Qd8+ 1/2-1/2

[Event "Gibtelecom Masters"]
[Site "Gibraltar"]
[Date "2007.01.24"]
[Round "2"]
[White "Epishin, Vladimir"]
[Black "Dzagnidze, Nana"]
[Result "1/2-1/2"]
[WhiteElo "2561"]
[BlackElo "2463"]
[PlyCount "93"]
[EventDate "2007.??.??"]

1. d4 Nf6 2. c4 e6 3. Nf3 b6 4. g3 Ba6 5. b3 Bb4+ 6. Bd2 Be7 7. Nc3 Bb7 8. Bg2
O-O 9. O-O d5 10. cxd5 exd5 11. Rc1 Nbd7 12. Bf4 c6 13. Ne5 Re8 14. e4 dxe4 15.
Nxe4 Nxe5 16. dxe5 Nd5 17. Qh5 c5 18. Rcd1 Nxf4 19. gxf4 Qc7 20. Rfe1 g6 21.
Qh3 Rad8 22. Nf6+ Bxf6 23. exf6 Rxd1 24. Rxd1 h5 25. Bxb7 Qxb7 26. f5 Qc8 27.
Rd3 Qc6 28. Rf3 Qxf6 29. fxg6 Re1+ 30. Kg2 Qg5+ 31. Rg3 Qd5+ 32. Rf3 Qg5+ 33.
Rg3 Qd5+ 34. Rf3 fxg6 35. Qc8+ Kh7 36. Qc7+ Kh6 37. Qf7 Qg5+ 38. Rg3 Qf5 39.
Rf3 Qg4+ 40. Rg3 Qe4+ 41. Rf3 Qg4+ 42. Rg3 Qf5 43. Rf3 Qxf7 44. Rxf7 a5 45. Rf6
Ra1 46. Rxb6 Rxa2 47. Rb5 1/2-1/2

[Event "Gibtelecom Masters"]
[Site "Gibraltar"]
[Date "2007.01.24"]
[Round "2"]
[White "Al Modiahki, Mohamed"]
[Black "Smerdon, David"]
[Result "1-0"]
[WhiteElo "2556"]
[BlackElo "2460"]
[PlyCount "63"]
[EventDate "2007.??.??"]

1. e4 e5 2. Nf3 Nc6 3. Bb5 a6 4. Ba4 Nf6 5. O-O Nxe4 6. d4 b5 7. Bb3 d5 8. dxe5
Be6 9. Be3 Be7 10. c3 Nc5 11. Bc2 Nd7 12. Re1 Ndxe5 13. Nxe5 Nxe5 14. Bd4 Nc6
15. Bxg7 Rg8 16. Qh5 Kd7 17. Bh6 Bc5 18. Be3 Bxe3 19. Rxe3 Rg5 20. Qe2 Qf6 21.
Nd2 Rag8 22. g3 Bg4 23. Qf1 Re5 24. a4 Rge8 25. axb5 axb5 26. Rxe5 Rxe5 27.
Qxb5 d4 28. Qc4 Qe6 29. Ba4 Bh3 30. Nf3 Re4 31. Qxe6+ Bxe6 32. Nxd4 1-0

[Event "Gibtelecom Masters"]
[Site "Gibraltar"]
[Date "2007.01.24"]
[Round "2"]
[White "Arakhamia, Ketevan"]
[Black "Felgaer, Ruben"]
[Result "1/2-1/2"]
[WhiteElo "2437"]
[BlackElo "2556"]
[PlyCount "71"]
[EventDate "2007.??.??"]

1. e4 c5 2. Nf3 Nc6 3. d4 cxd4 4. Nxd4 Nf6 5. Nc3 e5 6. Ndb5 d6 7. Bg5 a6 8.
Na3 b5 9. Nd5 Be7 10. Bxf6 Bxf6 11. c4 b4 12. Nc2 O-O 13. Be2 a5 14. O-O Bg5
15. b3 Be6 16. Qd3 Nb8 17. a3 bxa3 18. Nxa3 Na6 19. Nb5 Nc5 20. Qc2 Bxd5 21.
exd5 Bf6 22. Ra3 Qb6 23. Qa2 Ra6 24. Nc3 Rb8 25. Rb1 Qb4 26. Nb5 Bd8 27. Qc2 g6
28. Ra2 Rba8 29. g3 Nd7 30. Kg2 Bb6 31. h4 Qc5 32. Bf1 f5 33. Nc3 R6a7 34. Nb5
Ra6 35. Nc3 R6a7 36. Nb5 1/2-1/2

[Event "Gibtelecom Masters"]
[Site "Gibraltar"]
[Date "2007.01.24"]
[Round "2"]
[White "Greenfeld, Alon"]
[Black "Ward, Chris"]
[Result "1-0"]
[WhiteElo "2556"]
[BlackElo "2456"]
[PlyCount "51"]
[EventDate "2007.??.??"]

1. d4 e6 2. Nf3 c5 3. g3 cxd4 4. Nxd4 Qc7 5. Bg2 a6 6. O-O Nf6 7. e4 d6 8. c4
Be7 9. Nc3 O-O 10. Be3 Nbd7 11. f4 Re8 12. Rc1 Bf8 13. g4 h6 14. g5 Nh7 15. h4
hxg5 16. hxg5 g6 17. Rc2 Rb8 18. b3 b6 19. f5 Ne5 20. f6 Bb7 21. Kh1 Qd7 22.
Qe1 d5 23. Qh4 dxc4 24. Bf3 Nxf3 25. Rxf3 e5 26. Rh2 1-0

[Event "Gibtelecom Masters"]
[Site "Gibraltar"]
[Date "2007.01.24"]
[Round "2"]
[White "Cramling, Pia"]
[Black "Krush, Irina"]
[Result "1/2-1/2"]
[WhiteElo "2530"]
[BlackElo "2449"]
[PlyCount "143"]
[EventDate "2007.??.??"]

1. d4 d5 2. Nf3 Nf6 3. c4 dxc4 4. e3 e6 5. Bxc4 c5 6. O-O a6 7. dxc5 Qxd1 8.
Rxd1 Bxc5 9. Be2 Nbd7 10. b3 b6 11. Bb2 Bb7 12. Nbd2 O-O 13. Nc4 Bd5 14. Nce5
Rfd8 15. Rac1 Nxe5 16. Nxe5 Rac8 17. Nd3 Be7 18. f3 Bb7 19. e4 a5 20. Kf2 Kf8
21. Rxc8 Rxc8 22. Rc1 Rxc1 23. Bxc1 Nd7 24. Be3 Ba3 25. Bd4 Bc6 26. Ke3 f6 27.
Bc3 Nc5 28. Nb2 Nd7 29. Nc4 Bc5+ 30. Bd4 Bxd4+ 31. Kxd4 e5+ 32. Kc3 Ke7 33. b4
axb4+ 34. Kxb4 Kd8 35. Nd6 Nc5 36. Nf5 g6 37. Ne3 Ne6 38. Bb5 Bb7 39. Bc4 Nd4
40. Bg8 Ke7 41. h4 h6 42. Bd5 Ba6 43. Bc4 Bb7 44. Bd3 Ke6 45. Bc4+ Ke7 46. a4
h5 47. Bd3 Kd6 48. Bc4 Ke7 49. Bb5 Kd8 50. Nc4 Kc7 51. Be8 Nc6+ 52. Kc3 Ne7 53.
Ne3 Kd6 54. Kb4 Ba6 55. Nc4+ Kc7 56. Bf7 Nc6+ 57. Kc3 Ne7 58. Be8 Bb7 59. Kb4
Nc6+ 60. Kc3 Ne7 61. Kb4 Nc6+ 62. Bxc6 Bxc6 63. a5 bxa5+ 64. Nxa5 Bd7 65. Kc5
Be6 66. Nc6 Kd7 67. Nb4 Bb3 68. Nd5 Ke6 69. Nc7+ Kd7 70. Nd5 Ke6 71. Nc7+ Kd7
72. Nd5 1/2-1/2

[Event "Gibtelecom Masters"]
[Site "Gibraltar"]
[Date "2007.01.24"]
[Round "2"]
[White "Rogers, Ian"]
[Black "Sengupta, Deep"]
[Result "1-0"]
[WhiteElo "2522"]
[BlackElo "2416"]
[PlyCount "241"]
[EventDate "2007.??.??"]

1. d4 e6 2. e4 d5 3. Nc3 Bb4 4. e5 c5 5. a3 Bxc3+ 6. bxc3 Qc7 7. Nf3 b6 8. Bb5+
Bd7 9. Bd3 c4 10. Be2 Ba4 11. O-O Nc6 12. Ng5 h6 13. Nh3 O-O-O 14. Nf4 Qe7 15.
Bg4 Kb7 16. Re1 Qe8 17. Bh5 Qf8 18. Bg4 Nge7 19. Ra2 Qg8 20. Re3 Qh7 21. h4
Rde8 22. Rg3 Nd8 23. Qe2 Kb8 24. h5 Rhg8 25. Rh3 Rgf8 26. Bf3 Rg8 27. Bg4 Rgf8
28. Kf1 Nf5 29. Bf3 g5 30. hxg6 fxg6 31. Kg1 Rf7 32. Rb2 Bc6 33. g4 Ne7 34. Ng2
Ng8 35. Ne1 Qg7 36. Bg2 g5 37. Bf1 Ref8 38. Be3 Ne7 39. f3 Rh8 40. Qh2 Ng6 41.
Ra2 Nf4 42. Bxf4 Rxf4 43. Be2 Ba4 44. Ng2 Rf7 45. Kf2 Nc6 46. Ke3 Ne7 47. Kd2
Ng6 48. Ra1 Qf8 49. Kc1 a5 50. Kb2 b5 51. Qg3 Rb7 52. Qe1 Rhh7 53. Kc1 Rb6 54.
Qd2 Ra7 55. Bd1 Kc8 56. Ra2 Kb7 57. Ra1 Kb8 58. Ra2 Rbb7 59. Ra1 Ra6 60. Ra2
Ka7 61. Ra1 Ka8 62. Ra2 Kb8 63. Ra1 Rab6 64. Rh1 Kc8 65. Rf1 Rf7 66. Rh1 Kd8
67. Rf1 Rbb7 68. Rh1 Ke8 69. Rf1 Rb8 70. Rh1 Rb6 71. Rf1 Rbb7 72. Rh1 Qg7 73.
Rf1 Qf8 74. Rh1 Ke7 75. Rh5 Qg7 76. Rh1 Rb8 77. Rh3 Kf8 78. Rh1 Kg8 79. Rh3 Qf8
80. Rh1 Kg7 81. Rf1 Rb6 82. Rf2 Rbb7 83. Qe3 Ra7 84. Kd2 b4 85. axb4 axb4 86.
cxb4 Qxb4+ 87. Qc3 Qb6 88. Rf1 Bc6 89. Be2 Rxa1 90. Rxa1 Ra7 91. Rxa7+ Qxa7 92.
Qb2 Ba4 93. Qa1 Qa5+ 94. Qc3 Qb6 95. Qa1 Qb4+ 96. Qc3 Qb1 97. Bd1 Qb6 98. Qa1
Qb5 99. Qa3 Kf7 100. Kc1 Qc6 101. f4 c3 102. f5 Ne7 103. f6 Ng6 104. Be2 Bb5
105. Bxb5 Qxb5 106. Qxc3 Qb6 107. Kd2 Nf8 108. Ne1 Nd7 109. Nf3 Qb7 110. Qd3
Nf8 111. Qb3 Qa7 112. Qb4 Ng6 113. Ne1 Nh4 114. Qc5 Qb7 115. Kc3 h5 116. gxh5
g4 117. h6 Kg6 118. Qf8 Nf5 119. Qg8+ Kxh6 120. f7 Qc7+ 121. Kb2 1-0

[Event "Gibtelecom Masters"]
[Site "Gibraltar"]
[Date "2007.01.24"]
[Round "2"]
[White "Salgado Allaria, Carlos"]
[Black "Pavlovic, Milos"]
[Result "1-0"]
[WhiteElo "2288"]
[BlackElo "2521"]
[PlyCount "98"]
[EventDate "2007.??.??"]

1. d4 g6 2. e4 Bg7 3. Nc3 d6 4. Nf3 Nf6 5. Be2 O-O 6. O-O c6 7. a4 Bg4 8. Be3
Nbd7 9. Qd2 Qa5 10. Rfd1 Rfe8 11. h3 Bxf3 12. Bxf3 Rac8 13. Ra3 a6 14. Nb1 Qc7
15. a5 e5 16. Nc3 exd4 17. Bxd4 Rcd8 18. Be3 Qb8 19. Rb3 Nc5 20. Rb4 Qc7 21.
Rc4 Qe7 22. Rd4 Qc7 23. Rxd6 Rxd6 24. Qxd6 Qxd6 25. Rxd6 Ncd7 26. Bd4 Bf8 27.
Rxf6 c5 28. Nd5 cxd4 29. Bg4 Ne5 30. Rb6 Rb8 31. Be2 Rc8 32. Bd3 Nxd3 33. cxd3
Rc1+ 34. Kh2 Rd1 35. Rxb7 Rxd3 36. e5 Rd2 37. Nf6+ Kg7 38. Ne8+ Kg8 39. f4 d3
40. e6 Re2 41. exf7+ Kh8 42. Rd7 d2 43. Kg3 Re3+ 44. Kf2 Re7 45. Rxd2 Rxf7 46.
g3 Rf5 47. Nc7 Kg8 48. Rd5 Rf6 49. Kf3 Rc6 1-0

[Event "Gibtelecom Masters"]
[Site "Gibraltar"]
[Date "2007.01.24"]
[Round "2"]
[White "Howell, David"]
[Black "Rasch, Holger"]
[Result "0-1"]
[WhiteElo "2501"]
[BlackElo "2272"]
[PlyCount "96"]
[EventDate "2007.??.??"]

1. e4 c5 2. c3 d5 3. exd5 Qxd5 4. d4 cxd4 5. cxd4 Nc6 6. Nf3 e5 7. Nc3 Bb4 8.
Bd2 Bxc3 9. Bxc3 e4 10. Nd2 Nf6 11. Bc4 Qg5 12. d5 Ne5 13. Bb5+ Kf8 14. Qa4 e3
15. Ne4 Nxe4 16. Qxe4 exf2+ 17. Kf1 f6 18. d6 Qg4 19. Qxg4 Bxg4 20. Kxf2 a6 21.
Ba4 Rd8 22. Kg3 Bd7 23. Bb3 Nc6 24. Rhf1 Be8 25. Rad1 Bf7 26. Bxf6 gxf6 27.
Rxf6 Rd7 28. Rdf1 Nd8 29. Kh4 Kg7 30. Bc2 Bg6 31. Bb3 Re8 32. g4 Bf7 33. Bc2
Re2 34. Bf5 Kxf6 35. Bxd7+ Ke5 36. Bf5 Rxh2+ 37. Kg3 Rxb2 38. d7 Rd2 39. Bxh7
Rxd7 40. g5 Bxa2 41. Re1+ Kd6 42. g6 Ne6 43. Kg4 Nf8 44. Rh1 Bd5 45. Rh2 b5 46.
Kg5 a5 47. Kh6 a4 48. Rf2 Nxg6 0-1

[Event "Gibtelecom Masters"]
[Site "Gibraltar"]
[Date "2007.01.24"]
[Round "2"]
[White "Nordstrom, Felix"]
[Black "Gurevich, Mikhail"]
[Result "0-1"]
[WhiteElo "2199"]
[BlackElo "2635"]
[PlyCount "60"]
[EventDate "2007.??.??"]

1. d4 d6 2. e4 Nf6 3. f3 g6 4. Be3 Bg7 5. c4 O-O 6. Nc3 a6 7. Bd3 c6 8. Nge2 b5
9. Qd2 Nbd7 10. O-O bxc4 11. Bxc4 d5 12. Bb3 dxe4 13. Nxe4 a5 14. Rac1 a4 15.
Nxf6+ Bxf6 16. Bc2 Nb6 17. Be4 Be6 18. Bxc6 Rc8 19. d5 Nxd5 20. Bxa4 Nxe3 21.
Qxe3 Rxc1 22. Rxc1 Bxb2 23. Rb1 Qa5 24. Bb3 Bf5 25. Rd1 Rd8 26. Rxd8+ Qxd8 27.
g4 Bd3 28. Kg2 e6 29. Qd2 Bf6 30. Nf4 Bf1+ 0-1

[Event "Gibtelecom Masters"]
[Site "Gibraltar"]
[Date "2007.01.24"]
[Round "2"]
[White "Areshchenko, Alexander"]
[Black "Tscharotschkin, Michael"]
[Result "1-0"]
[WhiteElo "2644"]
[BlackElo "2197"]
[PlyCount "73"]
[EventDate "2007.??.??"]

1. e4 e6 2. d4 d5 3. Nc3 Bb4 4. e5 c5 5. a3 Ba5 6. b4 cxd4 7. Nb5 Bc7 8. f4 a5
9. Bd2 Nc6 10. Nf3 Nge7 11. Nxc7+ Qxc7 12. b5 Nb8 13. Nxd4 b6 14. Bd3 Nd7 15.
O-O Nc5 16. Kh1 Bd7 17. Qg4 g6 18. Be1 O-O-O 19. Bh4 h5 20. Qf3 Rde8 21. Nb3
Kb8 22. Nxc5 Qxc5 23. Bf2 Qc7 24. Qe3 Ka7 25. Qd2 Kb8 26. Rac1 Qb7 27. c4 dxc4
28. Rxc4 Nd5 29. Rd4 Rc8 30. a4 Rc5 31. Be4 Rhc8 32. Rd1 Rc4 33. Rxd5 exd5 34.
Bxd5 Rc2 35. Bxb7 Rxd2 36. Rxd2 Rc1+ 37. Bg1 1-0

[Event "Gibtelecom Masters"]
[Site "Gibraltar"]
[Date "2007.01.24"]
[Round "2"]
[White "Spraggett, Kevin"]
[Black "Fogel, Pierre"]
[Result "0-1"]
[WhiteElo "2633"]
[BlackElo "2193"]
[PlyCount "66"]
[EventDate "2007.??.??"]

1. e4 c5 2. Nf3 d6 3. d4 cxd4 4. Nxd4 Nf6 5. Nc3 a6 6. Bg5 e6 7. f4 Be7 8. Qf3
Qc7 9. O-O-O Nbd7 10. g4 b5 11. Bxf6 Nxf6 12. g5 Nd7 13. f5 Bxg5+ 14. Kb1 Ne5
15. Qh5 Qe7 16. Nxe6 Bxe6 17. fxe6 g6 18. exf7+ Kxf7 19. Qh3 Kg7 20. Nd5 Qd8
21. Qc3 h5 22. Rg1 Kh7 23. Be2 Bh6 24. Rg2 Rf8 25. Rdg1 Rf7 26. Qd4 Bg7 27. Qd1
Qh4 28. a3 Rf2 29. Rxf2 Qxf2 30. Nc7 Rc8 31. Nxa6 Nc4 32. Bxh5 Ne3 33. Bxg6+
Kg8 0-1

[Event "Gibtelecom Masters"]
[Site "Gibraltar"]
[Date "2007.01.24"]
[Round "2"]
[White "Kaidanov, Gregory"]
[Black "Barrenechea, Gustavo"]
[Result "1-0"]
[WhiteElo "2595"]
[BlackElo "2191"]
[PlyCount "63"]
[EventDate "2007.??.??"]

1. d4 Nf6 2. c4 g6 3. Nc3 d5 4. Qb3 dxc4 5. Qxc4 Bg7 6. e4 O-O 7. Be2 Na6 8.
Nf3 c5 9. d5 e6 10. O-O exd5 11. exd5 Bf5 12. Be3 Qb6 13. Nh4 Bd7 14. Rab1 Rac8
15. Rfd1 Nb4 16. Rbc1 Qd6 17. a3 Na6 18. Nf3 Rfe8 19. Bf4 Qb6 20. Be5 Qxb2 21.
Rb1 Qxa3 22. Rxb7 Nb4 23. Bxf6 Bxf6 24. Ne4 Rxe4 25. Qxe4 Bf5 26. Qf4 Re8 27.
Qc7 Rf8 28. Qxc5 Qa2 29. Bf1 Qb3 30. Rc1 a5 31. Qxa5 Qb2 32. Rc4 1-0

[Event "Gibtelecom Masters"]
[Site "Gibraltar"]
[Date "2007.01.24"]
[Round "2"]
[White "Andersson, Ulf"]
[Black "Steel, Henry"]
[Result "1-0"]
[WhiteElo "2541"]
[BlackElo "2175"]
[PlyCount "87"]
[EventDate "2007.??.??"]

1. Nf3 c5 2. c4 Nc6 3. d4 cxd4 4. Nxd4 e6 5. Nc3 Nf6 6. a3 Bc5 7. Nb3 Be7 8. e4
O-O 9. Be2 b6 10. O-O Bb7 11. Be3 Rc8 12. Rc1 d6 13. f4 Qc7 14. Bf3 Rfd8 15.
Qe2 Qb8 16. Rfd1 Bf8 17. Bf2 Ne7 18. Nd2 Ng6 19. g3 Qa8 20. Re1 d5 21. cxd5
exd5 22. e5 d4 23. Bxb7 Qxb7 24. exf6 dxc3 25. Rxc3 Rxc3 26. bxc3 gxf6 27. Bd4
f5 28. a4 Bg7 29. Nf3 Qc6 30. Bxg7 Kxg7 31. Nd4 Qxc3 32. Nxf5+ Kf8 33. Qe4 Qc5+
34. Kg2 Qd5 35. Kf3 h5 36. Re2 Qd3+ 37. Ne3 Qxe4+ 38. Kxe4 f6 39. Rc2 Re8+ 40.
Kf3 Kf7 41. Nf5 Rd8 42. Rc7+ Ke6 43. Ke4 Rd1 44. Nd4+ 1-0